000 00596nam a2200217Ia 4500
003 GCL
008 140319s9999 xx 000 0 eng d
040 _aGCL /
_cGCL
082 0 4 _a624.171
_bW F
100 1 _aWOLF, JOHN P
245 1 0 _aFINITE - ELEMENT MODELLING OF UNBOUNDED MEDIA /
_cWOLF, JOHN P
700 1 _aSONG, CHONGMIN
260 _a[S.N] :
_bJOHN WILEY AND SONS. INC ،
_c1996
300 _a331 P
650 0 4 _aالتحليل الرياضى
650 0 4 _aDYNAMICS
650 0 4 _aSTRUCTURAL ANALYSIS
650 0 4 _aELEMENTS
650 0 4 _aMODELLING PROCEDURES
942 _2ddc
_cBK
999 _c14988
_d14988